00705nam a2200205 a 450000100100000000500170001000800410002702000150006804000130008308200200009610000280011624500620014426000600020630000280026650000220029450400310031650000580034765000380040565000560044300000891320200929161434.0090921s1954 mx 000 0 spa d a9681600851 aDO-SdBNP a809.9112bH519b1 aHeríquez Ureña, Max10aBreve historia del modernismo /cMax Henríquez Ureña. aMéxico, D. F. :bFondo de Cultura Económica,c1954. a559 p. :bil. ;c22 cm. aIncluye índices aBibliografía: p. 529-535 aLa biblioteca posee la segunda reimpresión del 1978 4aModernismo (literatura)xHistoria 4aLiteratura hispanoaméricanaxHistoria y crítica